000 00683nam a2200205 i 4500
001 sa 63002599
003 DLC
005 20260227111935.0
008 850219s1962 ii 00010 hino
010 _asa 63002599 //r85
043 _aa-ii---
050 0 _aPK2101.M28
_bS53
100 1 0 _aSingh, Brij Bhushan,
_d1931-
245 1 0 _aMahākośala ke sāhityakāra :
_bMahākośala Hindī sāhitya kā āñcalika itihāsa /
_cBrajabhūshaṇa Siṃha "Ādarśa".
250 _a1. saṃskaraṇa.
260 0 _aSāgara :
_bYādava Buka Stāla,
_c1962.
300 _a168 p. ;
_c22 cm.
500 _aIn Hindi.
650 0 _aHindi literature
_zIndia
_zMadhya Pradesh
_xHistory and criticism.
999 _c54549
_d54549